Movies by Last Name VI Quiz Stats

 Plays Quiz Updated Feb 28, 2019

Score 0/25 Timer 05:00
1 Play Today
% Correct
The Sound of Music
89.2%
South Park: Bigger, Longer & Uncut
88.5%
An American Tail
70.6%
Lethal Weapon 2
68.3%
My Cousin Vinny
63.5%
Fantastic Beasts and Where to Find Them
60.6%
Dragnet
59%
Pee-wee's Big Adventure
58%
Groundhog Day
46.9%
Jerry Maguire
45%
Inglourious Basterds
41%
The Founder
40.4%
A League of Their Own
40.1%
% Correct
Bill & Ted's Excellent Adventure
38.9%
The Mighty Ducks
38.6%
Ant-Man
36.4%
Big Hero 6
34.9%
Super Troopers
33.4%
Big
32.4%
Green Lantern
28.7%
Good Will Hunting
26.3%
Argo
25.6%
Brokeback Mountain
17.9%
Raising Arizona
15.2%
East of Eden
12.7%

You're not logged in!

Compare scores with friends on all Sporcle quizzes.
OR
Log In

Sporcle TV

Today on Sporcle TV


Watch our educational content, quiz creation guides, and fun videos on Sporcle TV.

Show Comments

Extras

Top Quizzes Today


Score Distribution

Your Account Isn't Verified!

In order to create a playlist on Sporcle, you need to verify the email address you used during registration. Go to your Sporcle Settings to finish the process.

Report this User

Report this user for behavior that violates our Community Guidelines.

Details: